| 000 | 00000nam##2200000za#4500 |
| 001 | 9.598064 |
| 003 | CaOODSP |
| 005 | 20220808101245 |
| 007 | cr ||||||||||| |
| 008 | 150406|2001||||xxc|||||o f|0| 0 fre|d |
| 040 | |aCaOODSP|bfre |
| 043 | |an-cn--- |
| 086 | 1 |aEn40-215/51F-PDF |
| 110 | 1 |aCanada. |bEnvironnement Canada. |
| 245 | 10|aOxyde d'éthylène |h[ressource électronique] |
| 260 | |aOttawa - Ontario : |bEnvironnement Canada |cSeptember 2001. |
| 300 | |a92p.|bfigures, graphiques, références, tableaux |
| 490 | 1 |aListe des substances d'intérêt prioritaire, rapport d'évaluation |
| 500 | |aLe n° de catalogue (En40-215/51F) et l'ISBN (0-662-84719-9) pour l'édition imprimée ont été incorrectement copiés dans l'édition PDF. |
| 590 | |a10-10-Supp|b2010-11-09 |
| 775 | 08|tEthylene Oxide |w(CaOODSP)9.566596 |
| 776 | 0#|tOxyde d'éthylène |w(CaOODSP)9.625950 |
| 830 | #0|aListe des substances d'intérêt prioritaire, rapport d'évaluation.|w(CaOODSP)9.500862 |
| 856 | 40|ahttp://publications.gc.ca|qPDF|s402 Ko|uhttps://publications.gc.ca/collections/Collection/En40-215-51F.pdf |